000 00506nam a2200169Ia 4500
003 SGT
020 _a9788121926164
082 _a620.1
_bKHU
100 _aKhurmi,R.S
245 2 _aA textbook of Engineering Mechanics
250 _a20th Rev. . . . Ed.
260 _bS.Chand
_aN.Delhi
_c2010
300 _a765p.
650 _aMECHANICAL ENGINEERING
653 _aCOMPOSITION AND RESOLUTION OF FORCES, MOMENTS AND THEIR APPLICATION ,PARALLEL FORCES AND COUPLES, EQUILIBRIUM OF FORCES
942 _2ddc
_cBK
_046
999 _c5269
_d5269